| 000 | 01021cam a22003137a 4500 | ||
|---|---|---|---|
| 003 | CHAP | ||
| 005 | 20220329135504.0 | ||
| 008 | 971013s1982 r 00010 d | ||
| 010 | _a37411 | ||
| 011 | _a38383 | ||
| 035 | _a42503 | ||
| 040 | _cCHAP | ||
| 090 | _aTesis | ||
| 100 | 0 | 0 |
_aOvalle Faz, Felipe Valentín. _984372 |
| 245 | 1 | 3 |
_aLa fecundidad en el área rural de México _b: un enfoque económico |
| 260 |
_aMonterrey, N. L. : _bEl autor, _c1982 |
||
| 300 | _a60 h. | ||
| 502 | _aTesis (Lic. en Economía) -- Universidad Autónoma de Nuevo León. Facultad de Economía | ||
| 590 |
_aALEPH _b10 _c20130110 _lUCH01 _h1302 |
||
| 590 |
_aBATCH-UPD _b10 _c20130110 _lUCH01 _h1010 |
||
| 590 |
_aBATCH-UPD _b10 _c20130410 _lUCH01 _h0619 |
||
| 590 |
_aBATCH-UPD _b10 _c20130914 _lUCH01 _h1353 |
||
| 590 |
_aCONVERSION _b10 _c20130109 _lUCH01 _h1321 |
||
| 650 | 1 | 4 |
_aFecundidad. _939907 |
| 650 | 1 | 4 |
_aPoblación rural _zMéxico. _989459 |
| 901 | _aBK | ||
| 942 | _cTESIS | ||
| 949 |
_bBC _cTES _d-97874 _eTS1 _h18559 _i42503 _si |
||
| 999 |
_c37411 _d37411 |
||